000 00858nam a2200193 a 4500
008 070507s1997 ||||||||||||||||| || u
020 _a0028223659
050 _aE 183.7 Rit
100 _aRitchie, Donald A
245 1 0 _aAmerican history: the modern era since 1865
260 _aNew York
_bGlencoe/McGraw-Hill
_c1997
300 _axxxviii, 906p.:ill.
350 _a0.00
650 _aNATIONAL SECURITY--UNITED STATES
650 0 _aAFRICA--HISTORY
650 _aUNITED STATES--FOREIGN RELATIONS--SOVIET UNION
995 _aMAIN LIBRARY OPEN ACCESS
_D0.00
_e737180
_FCBU-MAIN LIBRARY (Kitwe)
_H1
_I0.00
_jE 183.7 Rit
_M1
_UAVAILABLE
_WMay 7, 2007
_y41335
_ZMain Library Open Access Collection
995 _aMAIN LIBRARY OPEN ACCESS
_D0.00
_e737179
_FCBU-MAIN LIBRARY (Kitwe)
_H1
_I0.00
_jE 183.7 Rit
_M2
_UAVAILABLE
_WMay 7, 2007
_y41337
_ZMain Library Open Access Collection
999 _c83906
_d83906